| 000 | 01889ntm a2200301 a 4500 | ||
|---|---|---|---|
| 001 | 75419 | ||
| 003 | BD-RjUL | ||
| 005 | 20211209082703.0 | ||
| 008 | 190407s2017 bg ||||| mb|| 00| 0 ben d | ||
| 035 | _a(BD-RjUL)75637 | ||
| 040 |
_aBD-RjUL _bben/eng _cBD-RjUL |
||
| 041 | _aben | ||
| 082 |
_223 _a892.709 _bRAS 2017 |
||
| 100 | 1 |
_aরহমান, মুহা. আতিকুর _9230129 |
|
| 245 | 1 | 0 |
_aশেখ আব্দুর রহিম : _bইসলামী সাহিত্যে তাঁর অবদান / _cমুহা. আতিকুর রহমান ; _6তত্ত্বাবধায়ক: মো. আব্দুস সালাম |
| 260 |
_aরাজশাহী: _bআরবী বিভাগ, রাজশাহী বিশ্ববিদ্যালয়, _c২০১৭ |
||
| 300 |
_axvi, ২৯৩, [১২] পাতা : _bচিত্র ; _c২৯ সেমি. |
||
| 502 | _aথিসিস (পিএইচ. ডি.)--আরবী বিভাগ, রাজশাহী বিশ্ববিদ্যালয়, ২০১৭ | ||
| 504 | _aগ্রন্থপঞ্জি: পাতা ২৮৩-২৯৩ | ||
| 600 |
_aরহিম, শেখ আব্দুর, _d--১৮৫৯-১৯৩১ _xজীবনী _9244455 |
||
| 600 |
_aRahim, Sheikh Abdur, _d--1859-1931 _xBiography _9244456 |
||
| 600 |
_aরহিম, শেখ আব্দুর, _d--১৮৫৯-১৯৩১ _xব্যাখা ও সমালোচনা _9244457 |
||
| 600 |
_aRahim, Sheikh Abdur, _d--1859-1931 _xInterpretation and Criticism _9244458 |
||
| 650 |
_aইসলামী সাহিত্য _xইতিহাস ও সমালোচনা _9230135 |
||
| 650 |
_aIslamic literature _xHistory and Criticism _9244459 |
||
| 700 |
_aসালাম, মো. আব্দুস, তত্ত্বাবধায়ক _9230130 |
||
| 942 |
_2ddc _cTHE |
||
| 999 |
_c75419 _d75419 |
||